000 00617nam a2200193Ia 4500
003 PILC
005 20160223105739.0
008 140429s9999 xx 000 0 und d
020 _a9789710090921
050 _aBV 4597.52
_b.H65 2008
100 _aHolladay, Tom.
245 4 _aThe relationship principles of Jesus /
_cTom Holladay.
260 _aPhilippines :
_bOMF Literature Inc.,
_c2008.
300 _a334 pages :
_c23 cm.
_billustrations ;
500 _aIncludes bibliographical references.
650 _aInterpersonal relations
_xReligious aspects --Christianity.
942 _kLOC
_cBK
_2lcc
999 _c115746
_d115746